<?xml version="1.0" encoding="UTF-8"?>
<collection xmlns="http://www.loc.gov/MARC21/slim">
<record>
  <controlfield tag="000">02302ckm\a2200421Ki\4500</controlfield>
  <controlfield tag="001">254606</controlfield>
  <controlfield tag="005">20251009104925.0</controlfield>
  <controlfield tag="007">kj\bo</controlfield>
  <controlfield tag="008">200911q17751848xxun\n\\\\\\\\\\\\kneng\d</controlfield>
  <datafield tag="029" ind1="1" ind2=" ">
    <subfield code="a">UXG</subfield>
    <subfield code="c">/p252501coll1</subfield>
    <subfield code="t">CNTNT</subfield>
  </datafield>
  <datafield tag="035" ind1=" " ind2=" ">
    <subfield code="a">463629456</subfield>
  </datafield>
  <datafield tag="035" ind1=" " ind2=" ">
    <subfield code="a">(DFoPcSh)00204889</subfield>
  </datafield>
  <datafield tag="035" ind1=" " ind2=" ">
    <subfield code="a">241739</subfield>
  </datafield>
  <datafield tag="040" ind1=" " ind2=" ">
    <subfield code="a">DFo/CaBNvSL/CaBNvSL</subfield>
    <subfield code="c">UXG</subfield>
    <subfield code="e">gihc</subfield>
    <subfield code="d">UXG</subfield>
    <subfield code="d">UtOrBLW</subfield>
  </datafield>
  <datafield tag="049" ind1=" " ind2=" ">
    <subfield code="a">UXGA</subfield>
  </datafield>
  <datafield tag="100" ind1="1" ind2=" ">
    <subfield code="a">Tanner, Benjamin,</subfield>
    <subfield code="d">1775-1848,</subfield>
    <subfield code="0">n  88111040,</subfield>
    <subfield code="e">printmaker.</subfield>
  </datafield>
  <datafield tag="245" ind1="1" ind2="0">
    <subfield code="a">J. Riddle's circulating library [at the] Shakespear Head, no. 7L, South 8th, opposite to Sansom Strt., Philadelphia</subfield>
    <subfield code="h">[graphic] /</subfield>
    <subfield code="c">[Benjamin Tanner].</subfield>
  </datafield>
  <datafield tag="246" ind1="3" ind2=" ">
    <subfield code="a">J. Riddle's circulating library Shakespear Head, no. 7L, South 8th, opposite to Sansom Strt., Philadelphia</subfield>
  </datafield>
  <datafield tag="246" ind1="3" ind2=" ">
    <subfield code="a">J. Riddle's circulating library Shakespeare Head, no. 7L, South 8th, opposite to Sansom Strt., Philadelphia</subfield>
  </datafield>
  <datafield tag="260" ind1=" " ind2=" ">
    <subfield code="a">[United States] :</subfield>
    <subfield code="b">[s.n.],</subfield>
    <subfield code="c">[late 18th to mid-19th century]</subfield>
  </datafield>
  <datafield tag="300" ind1=" " ind2=" ">
    <subfield code="a">1 print :</subfield>
    <subfield code="b">line engraving ;</subfield>
    <subfield code="c">1 3/4 x 3 1/2 in.</subfield>
  </datafield>
  <datafield tag="336" ind1=" " ind2=" ">
    <subfield code="a">still image</subfield>
    <subfield code="b">sti</subfield>
    <subfield code="2">rdacontent</subfield>
  </datafield>
  <datafield tag="337" ind1=" " ind2=" ">
    <subfield code="a">unmediated</subfield>
    <subfield code="b">n</subfield>
    <subfield code="2">rdamedia</subfield>
  </datafield>
  <datafield tag="340" ind1=" " ind2=" ">
    <subfield code="a">paper</subfield>
    <subfield code="2">rdamat</subfield>
  </datafield>
  <datafield tag="340" ind1=" " ind2=" ">
    <subfield code="d">engraving</subfield>
    <subfield code="2">rdapm</subfield>
  </datafield>
  <datafield tag="340" ind1=" " ind2=" ">
    <subfield code="g">monochrome</subfield>
    <subfield code="2">rdacc</subfield>
  </datafield>
  <datafield tag="500" ind1=" " ind2=" ">
    <subfield code="a">Bookplate with a portrait of Shakespeare after the Chandos portrait.</subfield>
  </datafield>
  <datafield tag="500" ind1=" " ind2=" ">
    <subfield code="a">Manuscript note on back of Folger copy: Done by B. Tanner.</subfield>
  </datafield>
  <datafield tag="500" ind1=" " ind2=" ">
    <subfield code="a">This is a PRELIMINARY RECORD. It contains unverified data from old cards and may contain incorrect or incomplete text.  Please email catalog@folger.edu for assistance.</subfield>
  </datafield>
  <datafield tag="530" ind1=" " ind2=" ">
    <subfield code="a">Also available as a digital reproduction.</subfield>
  </datafield>
  <datafield tag="583" ind1="0" ind2=" ">
    <subfield code="a">revised</subfield>
    <subfield code="c">2020-12</subfield>
    <subfield code="k">CMN</subfield>
    <subfield code="n">1</subfield>
    <subfield code="o">link</subfield>
    <subfield code="x">Luna</subfield>
    <subfield code="2">local</subfield>
    <subfield code="5">DFo</subfield>
  </datafield>
  <datafield tag="600" ind1="1" ind2="0">
    <subfield code="a">Shakespeare, William,</subfield>
    <subfield code="d">1564-1616,</subfield>
    <subfield code="0">n  78095332,</subfield>
    <subfield code="e">depicted.</subfield>
  </datafield>
  <datafield tag="655" ind1=" " ind2="7">
    <subfield code="a">Bookplates.</subfield>
    <subfield code="0">tgm001220g</subfield>
    <subfield code="2">gmgpc</subfield>
  </datafield>
  <datafield tag="655" ind1=" " ind2="7">
    <subfield code="a">Prints.</subfield>
    <subfield code="0">tgm008237g</subfield>
    <subfield code="2">gmgpc</subfield>
  </datafield>
  <datafield tag="752" ind1=" " ind2=" ">
    <subfield code="a">United States</subfield>
    <subfield code="b">Pennsylvania</subfield>
    <subfield code="d">Philadelphia.</subfield>
  </datafield>
  <datafield tag="852" ind1="8" ind2=" ">
    <subfield code="a">US-DFo</subfield>
    <subfield code="b">DeckB-Art</subfield>
    <subfield code="h">ART File B724 no.57</subfield>
    <subfield code="m">(size XS)</subfield>
    <subfield code="x">CIN=sp PDI rootfile 021097</subfield>
    <subfield code="7">334299</subfield>
  </datafield>
  <datafield tag="856" ind1="4" ind2="1">
    <subfield code="u">https://digitalcollections.folger.edu/img21097</subfield>
    <subfield code="z">Digital image(s) of Folger Shakespeare Library ART File B724 no.57</subfield>
  </datafield>
  <datafield tag="909" ind1="C" ind2="O">
    <subfield code="o">oai:catalog.folger.edu:254606</subfield>
    <subfield code="p">GLOBAL_SET</subfield>
  </datafield>
  <datafield tag="980" ind1=" " ind2=" ">
    <subfield code="a">BIB</subfield>
  </datafield>
  <datafield tag="983" ind1=" " ind2=" ">
    <subfield code="a">Online</subfield>
  </datafield>
  <datafield tag="983" ind1=" " ind2=" ">
    <subfield code="a">Vault</subfield>
  </datafield>
</record>
</collection>